Aunt Julia and the scriptwriter / (Record no. 329116)

000 -LEADER
fixed length control field 00986cam a2200289 a 4500
001 - CONTROL NUMBER
control field 1859707
003 - CONTROL NUMBER IDENTIFIER
control field Nust
005 - DATE AND TIME OF LATEST TRANSACTION
control field 20170424145601.0
008 - FIXED-LENGTH DATA ELEMENTS--GENERAL INFORMATION
fixed length control field 820408s1982 nyu 000 1 eng
010 ## - LIBRARY OF CONGRESS CONTROL NUMBER
LC control number 82005159
020 ## - INTERNATIONAL STANDARD BOOK NUMBER
International Standard Book Number 0374106916
040 ## - CATALOGING SOURCE
Original cataloging agency DLC
Transcribing agency DLC
Modifying agency DLC
041 1# - LANGUAGE CODE
Language code of text/sound track or separate title engspa
050 00 - LIBRARY OF CONGRESS CALL NUMBER
Classification number PQ8498.32.A65
Item number T513 1982
082 00 - DEWEY DECIMAL CLASSIFICATION NUMBER
Classification number 863 VAR
Edition number 19
100 2# - MAIN ENTRY--PERSONAL NAME
Personal name Vargas Llosa, Mario,
Dates associated with a name 1936-
240 10 - UNIFORM TITLE
Uniform title Tía Julia y el escribidor.
Language of a work English
245 10 - TITLE STATEMENT
Title Aunt Julia and the scriptwriter /
Statement of responsibility, etc. Mario Vargas Llosa ; translated by Helen R. Lane.
260 ## - PUBLICATION, DISTRIBUTION, ETC.
Place of publication, distribution, etc. New York :
Name of publisher, distributor, etc. Farrar/Straus/Giroux,
Date of publication, distribution, etc. c1982.
300 ## - PHYSICAL DESCRIPTION
Extent 374 p. ;
Dimensions 24 cm.
500 ## - GENERAL NOTE
General note Translation of: La tía Julia y el escribidor.
650 #0 - SUBJECT ADDED ENTRY--TOPICAL TERM
Topical term or geographic name entry element Radio writers
General subdivision Fiction.
650 #0 - SUBJECT ADDED ENTRY--TOPICAL TERM
Topical term or geographic name entry element Courtship
General subdivision Fiction.
650 #0 - SUBJECT ADDED ENTRY--TOPICAL TERM
Topical term or geographic name entry element Aunts
General subdivision Fiction.
906 ## - LOCAL DATA ELEMENT F, LDF (RLIN)
a 7
b cbc
c orignew
d 1
e ocip
f 19
g y-gencatlg
942 ## - ADDED ENTRY ELEMENTS (KOHA)
Source of classification or shelving scheme
Koha item type Book
Holdings
Withdrawn status Lost status Source of classification or shelving scheme Damaged status Not for loan Permanent Location Current Location Date acquired Total Checkouts Full call number Barcode Date last seen Price effective from Koha item type
          School of Civil and Environmental Engineering (SCEE) School of Civil and Environmental Engineering (SCEE) 04/24/2017   863 VAR NIT-8465 04/24/2017 04/24/2017 Book
© 2023 Central Library, National University of Sciences and Technology. All Rights Reserved.